Indovina i paesi dalle emoji - Statistics

Statistiche generali
  • Questo quiz è stato fatto 232 volte
  • Il punteggio medio è 14 su 16
Statistiche sulle risposte
Emoji Paese % Corretto
🍕🍝 Italia
100%
🥖🥐 Francia
98%
🏛️🏺 Grecia
98%
👑💂‍♂️ Regno Unito
98%
🐂💃 Spagna
96%
🚲🌷 Paesi Bassi
94%
🧀⌚ Svizzera
94%
🧛‍♂️🏰 Romania
92%
7️⃣⚽ Portogallo
86%
🪆🥃 Russia
83%
🎅❄️ Finlandia
81%
🌋🧊 Islanda
78%
✝️⛪ Città del Vaticano
73%
🏎️🏁 Monaco
72%
🛋️🛒 Svezia
68%
👨‍🦯🍻 Repubblica Ceca
56%
Nessun quiz corrispondente trovato
Distribuzione punteggi
Percentuale di utenti per punteggio
Percentile per numero di risposta
I tuoi punteggi nel tempo
Non hai fatto questo quiz